Personnalités les plus suivies sur Twitter - Statistiques

Statistiques générales
  • Ce quiz a été pris 99 fois
  • Le résultat moyen est 7 sur 15
Statistiques - réponses
Fonction Nombre d'abonnés (en millions) Personnalité % Correct
Chanteuse 72,9 Rihanna
83%
Politique 88,6 Barack Obama
76%
Sportif 52,6 Cristiano Ronaldo
70%
Chanteur 95 Justin Bieber
67%
Personnalité de téléréalité 52,5 Kim Kardashian West
57%
Chanteuse 46,1 Ariana Grande
50%
Chanteuse 47,4 Selena Gomez
48%
Chanteuse 83,9 Taylor Swift
47%
Chanteuse 98,8 Katy Perry
41%
Chanteuse 66,6 Lady Gaga
41%
Chanteuse 45,2 Shakira
41%
Animatrice de télévision 68,7 Ellen DeGeneres
40%
Chanteuse 53,2 Britney Spears
32%
Animateur de télévision 47 Jimmy Fallon
26%
Chanteur 60,1 Justin Timberlake
18%
Aucun quiz correspondant
Distribution des résultats
% des personnes avec chaque résultat
Percentile par nombre de réponses
Votre historique - résultats
Vous n’avez pas pris ce quiz